000 00564nam a2200157Ia 4500
008 210716s2008 xx 000 0 und d
020 _a9780761936718
041 _aeng
082 _a332.042 KOHH
100 _aKohli, Harinder S.
245 _aGrowth and development in emerging market economies: international private capital flows financial markets and globalization.
_bInternational private capital flows financial markets and globalization.
250 _a1
260 _aNew Delhi
_bSage Publications
_c2008
300 _a369
700 _aKohli, Harinder S.
999 _c202514
_d202514